000 00702nam a2200229 4500
003 OSt
005 20240722021903.0
006 a
008 240722b |||||||| |||| 00| 0 eng d
020 _a9780123748461
040 _aDWCL-Main lib.
_cOC
082 _2Second edition
_aCirc. 510.285 M463e 2009
100 _aMaxfield, Brent
245 _aEssential mathcad for engineering, science, and math ISE /
250 _aSecond edition
260 _aAmsterdam:
_bElsevier,
_cc2009.
300 _axxiii,
_b501 p. : ill. ;
_c24 cm.
504 _aIncludes index.
650 _a1. MathCAD.
650 _a2. Engineering mathematics-Data processing.
942 _2ddc
_n0
_cBK-CIRC
_eSecond edition
_kCirc.
999 _c2490
_d2490